000 00683nam a2200289Ia 4500
005 20260324121548.0
008 008 260324s9999 xx 000 0 eng d
020 _a9781315742106
037 _aEBOOK
040 _aCRL
040 _beng
040 _cCRL
041 _2eng
041 _aeng
084 _qCRL
100 _aBlu Tirohl
_91162987
245 0 _aLaw for Artists
245 0 _bCopyright, the obscene and all the things in between
260 _bTaylor and Francis
260 _c2014
365 _a
365 _b230
856 _uhttp://www.taylorfrancis.com/books/9781315742106
942 _cEBOOK
999 _c1755182
_d1755182